Truyện kể về phong tục, truyền thống văn hóa các dân tộc Việt Nam

में बचाया:
ग्रंथसूची विवरण
मुख्य लेखक: Nguyễn, Trọng Báu
स्वरूप: पुस्तक
भाषा:Undetermined
प्रकाशित: Hà Nội Giáo dục 2003
विषय:
टैग : टैग जोड़ें
कोई टैग नहीं, इस रिकॉर्ड को टैग करने वाले पहले व्यक्ति बनें!
Thư viện lưu trữ: Trung tâm Học liệu Trường Đại học Cần Thơ
LEADER 00632nam a2200193Ia 4500
001 CTU_60329
008 210402s9999 xx 000 0 und d
020 |b 9500 
082 |a 398.209597 
082 |b B111/T.1 
100 |a Nguyễn, Trọng Báu 
245 0 |a Truyện kể về phong tục, truyền thống văn hóa các dân tộc Việt Nam 
245 0 |c Nguyễn Trọng Báu 
260 |a Hà Nội 
260 |b Giáo dục 
260 |c 2003 
650 |a Folklore, vietnamese,Folk literature, vietnamese 
904 |i Minh, Năm 
980 |a Trung tâm Học liệu Trường Đại học Cần Thơ